The 'H' Movies Quiz Stats

 Plays Quiz Updated Dec 19, 2018

Score 0/24 Timer 08:00
1 Play Today
% Correct
The Hobbit: An Unexpected Journey
97.7%
The Hangover
94.4%
The Hunchback of Notre Dame
92%
The Hunger Games
81.1%
The Help
74.1%
The Hunt for Red October
72.1%
The Hurt Locker
63.8%
The Hateful Eight
57.2%
The Hustler
52.5%
The Heat
51.5%
The Hurricane
48.4%
The Holiday
48.1%
% Correct
The Horse Whisperer
42.2%
The Happening
38.4%
The Hound of the Baskervilles
34.4%
The Hot Chick
33.8%
The Hitchhiker's Guide to the Galaxy
32.2%
The Hours
30.4%
The Hand That Rocks the Cradle
25%
The Hudsucker Proxy
22.3%
The Heartbreak Kid
17.9%
The Hills Have Eyes
16.2%
The Hitcher
16.1%
The Hunt
10%

You're not logged in!

Compare scores with friends on all Sporcle quizzes.
OR
Log In

You Might Also Like...

Show Comments

Extras

Top Quizzes Today


Score Distribution

Your Account Isn't Verified!

In order to create a playlist on Sporcle, you need to verify the email address you used during registration. Go to your Sporcle Settings to finish the process.

Report this User

Report this user for behavior that violates our Community Guidelines.

Details: